000 01593cam a2200613 4500
008 090401t1992 xxu||||| |||| 00| 0 eng d
020 _a0728201836
035 _a(Sirsi) u29890
041 _aeng
050 _a333.332
245 _aValuation: principles into practice.
250 _a4th ed.
260 _aLondon
_bEstates Gazette
_c1992
300 _axxxi,677p. ; 21cm.
350 _a25
650 _aAGRICULTURAL PROPERTY
650 _aASSET VALUATION
650 _aASSURED TENANCIES
650 _aCOMPENSATION
650 _aCompulsory purchase
_96228
650 _aDEVELOPMENT PROPERTY
650 _aEASEMENTS
650 _aELECTRICITY WAYLEAVES
650 _aGARAGES
650 _aHOPE VALUE
650 _aHOTELS
650 _aINDUSTRIAL PROPERTY
650 _aInsurance
_96249
650 _aKENNEDY METHOD
650 _aLANDLORD AND TENANT ACTS
650 _aLEASE RENEWAL
650 _aLEASEHOLD ENFRANCHISEMENT
650 _aPROPERTY-LEASEHOLD PROPERTY
650 _aLEISURE PROPERTY
650 _aMINERALS
650 _aNURSING HOMES
650 _aOFFICES
650 _aOPEN MARKET VALUE
650 _aPANNELL FRACTION
650 _aPETROL FILLING STATIONS
650 _aPIPELINES
650 _aPROFITS METHOD
650 _aPUBLIC HOUSES
650 _aQUARRIES
650 _aRATING
650 _aRENT REVIEWS
650 _aRESIDENTIAL PROPERTY
_96266
650 _aRETAIL PROPERTY
650 _aTAXATION
690 _aRATING AND VALUATION
700 _aRees, W.H.
_xEditor
942 _n0
948 _c04/03/1997
999 _c89464
_d89464